| 000 | 00463nam a2200157Ia 4500 | ||
|---|---|---|---|
| 008 | 231217s9999 xx 000 0 und d | ||
| 041 | _aEnglish | ||
| 082 | _a615.7 CHA;1 R | ||
| 100 | _aChakraborty, Chiranjib Battacharyya, Atanu | ||
| 245 | 0 | _aPharmacogenomics : an approach to new drug development | |
| 260 |
_c2004 _bBiotech _aDelhi |
||
| 300 | _a547 | ||
| 500 | _aContent page available | ||
| 650 | _aPharmacogenomics,:,drug,development | ||
| 942 | _cAA | ||
| 999 |
_c175914 _d175914 |
||